Države Oceanije - Statistics

General Stats
  • This quiz has been taken 16 times
  • The average score is 10 of 14
Answers on the Map
Answers color-coded by a green-red scale on the quiz's map according to % correct below.
 
Answer Stats
Države % Correct
Avstralija
100%
Nova Zelandija
100%
Tonga
100%
Fidži
75%
Marshallovi otoki
75%
Mikronezija
75%
Nauru
75%
Salomonovi otoki
75%
Tuvalu
75%
Kiribati
50%
Palau
50%
Papua Nova Gvineja
50%
Samoa
50%
Vanuatu
50%
No matching quizzes found
Score Distribution
Percent of People with Each Score
Percentile by Number Answered
Your Score History
You have not taken this quiz